000 02197cam a22004574i 4500
003 PE-LiUPU
005 20250731173329.0
008 150625s r 000 0 d
020 _a8481696862
035 _a(Sirsi) i9788481696868
040 _aPE-LiUPU
_bspa
_cPE-LiUPU
_erda
049 _aPRUA
082 0 4 _a227
_bS51
_221
100 1 _aSicre Díaz, José Luis,
_eautor.
245 1 0 _aHasta los confines de la tierra :
_bI la fuerza del Espíritu /
_cJosé Luis Sicre Díaz.
264 1 _aEstella, Navarra :
_bVerbo Divino,
_c2005.
300 _a310 páginas ;
_c21 centímetros
336 _atext
_2rdacontent
337 _aunmediated
_2rdamedia
338 _avolume
_2rdacarrier
505 0 _aLa fuerza del espíritu. -Talía. -Primer contacto con la obra. -La despedida. -el final de Judas y la elección de Matías. -La fuerza del Espíritu. -El discurso de Pedro. -La primera comunidad. -El cojo de nacimiento. -Pedro y Juan ante el Sanedrín. -Luces y sombras. -Poderosos en obras y palabras. -Esteban. -Felipe en Samaria. -Felipe y el eunuco. -Los caminos del Señor y la conversión de Saulo. -Las tribulaciones de Pablo. -Eneas y Tabita, o más milagros de Pedro. -animales puros e impuros. -Leyendo bajo la lluvia. -Judíos y paganos. -seguimos con Cornelio. -Lenguas y tensiones. -Antioquía. -Martirio, cárcel, y castigo divino.
526 _aSEG42
526 _aSEG41
526 _aSEG40
526 _aSEG39
526 _aP94
526 _aP87
526 _aP86
526 _aP85
526 _aP77
526 _aP76
526 _aP35
541 _g006-35829;
600 1 _aPablo de Tarso.
_d2 a. C. - c. 66 d. C.
_xViajes
630 _aBiblia.
_pN.T.
_pEpístolas paulinas
_vEnsayos.
942 _2ddc
_cBOOK
949 _a227 S51 1
_wDEWEY
_c1
_i59034
_lCCODEBUL1
_mBUL
_r0
_sY
_tBOOK
_u2015-6-25
_xTEOLOGIA
_zUNKNOWN
_0COMPRA
_o.STAFF. Colección General
994 _aC0
_bPEPRU
596 _a1
999 _a227 S51 1
_wDEWEY
_c47869
_i59034
_f2021-11-9
_g5
_lCCODEBUL1
_mBUL
_r0
_sY
_tBOOK
_u2015-6-25
_xTEOLOGIA
_zUNKNOWN
_0COMPRA
_o.STAFF. Colección General
_d47869
980 _81
_gALBERTO SANCHEZ Responsable de Automatización